Κυβερνητική και διαλεκτικός υλισμός
Αποθηκεύτηκε σε:
| Κύριος συγγραφέας: | |
|---|---|
| Μορφή: | Βιβλίο |
| Γλώσσα: | Greek |
| Δημοσίευση: |
Αθήνα :
Θεμέλιο,
1984
|
| Σειρά: | Σειρά η Σύγχρονη σκέψη
|
| Θέματα: | |
| Ετικέτες: |
Προσθήκη ετικέτας
Δεν υπάρχουν, Καταχωρήστε ετικέτα πρώτοι!
|
MARC
| LEADER | 00000nam a2200000 i 4500 | ||
|---|---|---|---|
| 001 | 1/82265 | ||
| 008 | 960619s1984 gre d | ||
| 035 | |a 1987 |c Αγορά |l 10033900 | ||
| 040 | |a GR-MY-UA |b gre |e aacr | ||
| 041 | 0 | |a gre | |
| 082 | 0 | |a 003.5 | |
| 100 | 1 | |a Guillaumaud, Jacques. | |
| 245 | 1 | 0 | |a Κυβερνητική και διαλεκτικός υλισμός / |c Jacques Guillaumaud |
| 260 | |a Αθήνα : |b Θεμέλιο, |c 1984 | ||
| 300 | |a 294 σ. | ||
| 490 | 1 | |a Σύγχρονη σκέψη | |
| 650 | 0 | 0 | |a Cybernetics. |
| 650 | 0 | 0 | |a Information theory. |
| 650 | 0 | 0 | |a Dialectical materialism. |
| 830 | 0 | |a Σειρά η Σύγχρονη σκέψη | |
| 852 | |a INST |b RHODES |e 19960619 |h 003.5 GUI |p 005400004956 |q 005400004956 |t BK |y 0 | ||
| 909 | |a Ρ |b 004186 |c 1987 | ||